Bidon 5, en rallye á travers le Sahara / (Record no. 116007)

MARC details
000 -LEADER
campo de control de longitud fija 00599nam a2200181 i 4500
001 - NÚMERO DE CONTROL
campo de control 116007
003 - IDENTIFICADOR DE NÚMERO DE CONTROL
campo de control ES-MaACL
005 - FECHA Y HORA DE LA ÚLTIMA TRANSACCIÓN
campo de control 20230906190619.0
007 - CAMPO FIJO DE DESCRIPCIÓN FÍSICA--INFORMACIÓN GENERAL
campo de control de longitud fija t|
008 - DATOS DE LONGITUD FIJA--INFORMACIÓN GENERAL
campo de control de longitud fija 061121s1931 fr b |||| | fre d
100 1# - ENTRADA PRINCIPAL--NOMBRE DE PERSONA
Nombre de persona Oulié, Marthe.
9 (RLIN) 87976
245 10 - MENCIÓN DEL TÍTULO
Título Bidon 5, en rallye á travers le Sahara /
Mención de responsabilidad, etc. Marthe Oulié.
260 ## - PUBLICACIÓN, DISTRIBUCIÓN, ETC.
Lugar de publicación, distribución, etc. Paris :
Nombre del editor, distribuidor, etc. E. Flammarion,
Fecha de publicación, distribución, etc. 1931.
300 ## - DESCRIPCIÓN FÍSICA
Extensión 282 p., 1 mapa ;
Dimensiones 19 x 12 cm.
505 8# - NOTA DE CONTENIDO CON FORMATO
Nota de contenido con formato Contiene: Quelques notes géologiques sur le région Soudan-Hoggar, por Charles Jambon, p. 273-281.
651 #4 - PUNTO DE ACCESO ADICIONAL DE MATERIA--NOMBRE GEOGRÁFICO
Nombre geográfico Sahara-
Subdivisión general Descripción.
9 (RLIN) 137377
852 ## - LOCALIZACIÓN
Ubicación ES-MaACL
Número de control de estantería A-536
Holdings
Estatus retirado Estado de pérdida Estado de daño No para préstamo Biblioteca de origen Biblioteca actual Ubicación en estantería Fecha de adquisición Fuente de adquisición Total de préstamos Signatura topográfica completa Código de barras Visto por última vez Precio de reemplazo Tipo de ítem Koha
        Biblioteca del Ateneo de Madrid Biblioteca del Ateneo de Madrid Sala Pecera Planta 1 17/01/2008     A-536 1120974 23/02/2023 23/02/2023 Libro impreso